Spolupráca podnikateľských subjektov s orgánmi miestnych samospráv
Spolupráca podnikových orgánov s miestnymi orgánmi pri vyjednávaní regionálnych rozdielov. Príčiny mäkkej dedičskej ekonomickej a sociálnej diferenciácie, sféry soft heir spolupráce s podnikateľskými subjektmi a využitie potenciálnych zdrojov k trvalo udržateľnému rozvoju vidieka. Nápady na zlepšeni...
Uložené v:
| Hlavný autor: | |
|---|---|
| Médium: | Kapitola |
| Jazyk: | Slovak |
| Predmet: | |
| Tagy: |
Žiadne tagy, Buďte prvý, kto otaguje tento záznam!
|
MARC
| LEADER | 00000naa a2200000 4500 | ||
|---|---|---|---|
| 001 | 0277828 | ||
| 005 | 20210813090752.5 | ||
| 041 | 0 | |a slo | |
| 044 | |a SK | ||
| 245 | 1 | 0 | |a Spolupráca podnikateľských subjektov s orgánmi miestnych samospráv |c Vladimír Gozora |
| 520 | |a Spolupráca podnikových orgánov s miestnymi orgánmi pri vyjednávaní regionálnych rozdielov. Príčiny mäkkej dedičskej ekonomickej a sociálnej diferenciácie, sféry soft heir spolupráce s podnikateľskými subjektmi a využitie potenciálnych zdrojov k trvalo udržateľnému rozvoju vidieka. Nápady na zlepšenie ekonomiky a sociálneho prostredia obciam, ktoré dlhodobo zaostávajú za inými poprednými obcami. | ||
| 610 | 2 | 0 | |a orgány štátne |
| 610 | 2 | 0 | |a podnik |
| 610 | 2 | 0 | |a správa verejná |
| 610 | 2 | 0 | |a správa miestna |
| 610 | 2 | 0 | |a rozdiely regionálne |
| 610 | 2 | 0 | |a diferenciácia sociálna |
| 100 | 1 | |a Gozora, Vladimír | |